000 00435 a2200169 4500
001 70540
020 _a8532245528
040 _cAnchieta - Itaigara
100 _aRocha, Ruth
240 1 0 _aO velho,o menino e o burro e outras histórias caipiras
_lpor
245 1 0 _aO velho,o menino e o burro e outras histórias caipiras
300 _a32
362 0 _a2006
440 1 _aFTD
650 4 _aLiteratura infanto-juvenil
942 _cBK
999 _c70540
_d70540